000 00368nam a2200157Ia 4500
003 OSt
005 20240208110143.0
008 170524s9999 xx 000 0 und d
020 _a978-0071267700
040 _cIIMT UNIVERSITY
100 _aIVANCEVICH JOHN
100 _c2012
245 0 _aHUMAN RESOURCE MANAGEMENT
260 _aTATA MC GRAW HILL
942 _2ddc
_c01
999 _c2689
_d2689